000
00300nam a2200109Ia 4500
008
220216s9999 xx 000 0 und d
245
0
_a
i-klon- An image recognition system for hevea clones
260
_b
Rubber Technology Development
_c
2012
300
_a
15-Nov
650
_a
Hevea clones
942
_c
JS
999
_c
60689
_d
60689